Library of the University of Algiers 3
Ibrahim Sultan Cheibout
شعار جامعة الجزائر 3
مكتبة جامعة الجزائر 3
إبراهيم سلطان شيبوط

السكان من منظور علم الإجتماع / (رقم التسجيلة. 43141)

تفاصيل مارك
000 -LEADER
fixed length control field 01104nam a2200229Ia 4500
003 - CONTROL NUMBER IDENTIFIER
control field Ost
005 - DATE AND TIME OF LATEST TRANSACTION
control field 20260507075125.0
008 - FIXED-LENGTH DATA ELEMENTS--GENERAL INFORMATION
fixed length control field 260507s9999||||xx |||||||||||||| ||und||
040 ## - CATALOGING SOURCE
Transcribing agency fsecg
041 ## - LANGUAGE CODE
Language code of text/sound track or separate title ara
082 ## - DEWEY DECIMAL CLASSIFICATION NUMBER
Classification number 300
100 ## - MAIN ENTRY--PERSONAL NAME
Personal name حسين، عبد الحميد أحمد رشوان
Relator term مؤلف
245 #0 - TITLE STATEMENT
Title السكان من منظور علم الإجتماع /
Statement of responsibility, etc. عبد الحميد أحمد رشوان حسين
250 ## - EDITION STATEMENT
Edition statement طبعة 2
260 ## - PUBLICATION, DISTRIBUTION, ETC.
Place of publication, distribution, etc. القاهرة:
Name of publisher, distributor, etc. المكتب الجامعي الحديث,
Date of publication, distribution, etc. 2006
300 ## - PHYSICAL DESCRIPTION
Extent 228 صفحة؛
Dimensions 24 سم
520 ## - SUMMARY, ETC.
Summary, etc. علم السكان ونظرياته-الدراسات والنظريات السكانية-علم اجتماع السكان-أثر العوامل الجغرافية في السكان-دور الثقافة والمعايير الإجتماعية في السكان-الإقتصاد والسكان-السياسة والسكان-الطبقة الإجتماعية والسكان-التغير الإجتماعي والسكان
653 ## - INDEX TERM--UNCONTROLLED
Uncontrolled term دراسات
653 ## - INDEX TERM--UNCONTROLLED
Uncontrolled term سكان
653 ## - INDEX TERM--UNCONTROLLED
Uncontrolled term علم
942 ## - ADDED ENTRY ELEMENTS (KOHA)
Koha item type كتب
المقتنيات
Withdrawn status Lost status Source of classification or shelving scheme Damaged status Not for loan Home library Current library Date acquired Serial enumeration / chronology Inventory number Total checkouts Full call number Barcode Date last seen Price effective from Koha item type
    Dewey Decimal Classification   Available مكتبة كلية العلوم الإقتصادية والعلوم التجارية وعلوم التسيير مكتبة كلية العلوم الإقتصادية والعلوم التجارية وعلوم التسيير 07/05/2026 الطابق الثاني أ/2068/9   أ/2068ن9 أ/2068/9 07/05/2026 07/05/2026 كتب

موارد الويب المفتوحة


© University of Algiers 3 All Rights Reserved
|
Implemented by LECHELAH Riad